LIBRARY & INFORMATION CENTRE, KCAET, TAVANUR

ONLINE PUBLIC ACCESS CATALOGUE (OPAC)

Uleesiasinte prathyagamanam / (Record no. 11526)

MARC details
000 -LEADER
fixed length control field 00390cam a2200157ua 4500
041 ## - LANGUAGE CODE
Language code of text/sound track or separate title mal
082 ## - DEWEY DECIMAL CLASSIFICATION NUMBER
Classification number 894.301
Item number NAI/UL
100 ## - MAIN ENTRY--AUTHOR NAME
Personal name Nair, M N M .
245 ## - TITLE STATEMENT
Title Uleesiasinte prathyagamanam /
250 ## - EDITION STATEMENT
Edition statement 1 /
260 ## - PUBLICATION, DISTRIBUTION, ETC. (IMPRINT)
Place of publication Trivandrum :
Name of publisher Balan publications ,
Year of publication 1963.
300 ## - PHYSICAL DESCRIPTION
Number of Pages 39 ; .
942 ## - ADDED ENTRY ELEMENTS (KOHA)
Koha item type Books
Holdings
Withdrawn status Lost status Damaged status Home library Current library Date acquired Full call number Accession Number Koha item type Public note
Withdrawn     KAUAET Malayalam University 07/04/2012 894.301 8429 Books Transferred to Malayalam University
free website counter